Normal view
MARC view
Entry Personal Name
001 - CONTROL NUMBER
- control field: 49167
003 - CONTROL NUMBER IDENTIFIER
- control field: dpl
005 - DATE AND TIME OF LATEST TRANSACTION
- control field: 20120616103932.0
008 - FIXED-LENGTH DATA ELEMENTS
- fixed length control field: 120616|||a|||||| | ||| d
040 ## - CATALOGING SOURCE
- Original cataloging agency: dpl
- Transcribing agency: dpl
100 ## - HEADING--PERSONAL NAME
- Personal name: भाटिया, सुदर्शन
670 ## - SOURCE DATA FOUND
- Source citation: Work cat.: (dpl): भाटिया, सुदर्शन, प्राकृतिक चिकित्सा और जड़ी-बूटियाँ /, 2006
670 ## - SOURCE DATA FOUND
- Source citation: Work cat.: (dpl): भाटिया, सुदर्शन, प्राकृतिक चिकित्सा और जड़ी-बूटियाँ /, 2006
